| 000 | 00435nam a22001697a 4500 | ||
|---|---|---|---|
| 020 | _a81-219-1307-1 | ||
| 082 |
_a300 _bSAX/A |
||
| 100 | _aSAXENA, ANJALI | ||
| 100 | _aCHOWDHRY, N.K | ||
| 245 |
_aATLAS THE WORLD EXPLORER _bTHE WORLD EXPLORER |
||
| 246 |
_aATLAS THE WORLD EXPLORER _bTHE WORLD EXPLORER |
||
| 260 |
_aDELHI _bS.CHAND & COMPANY _c2004 |
||
| 300 | _a144 | ||
| 520 | _aABOUT WORLD | ||
| 650 | _aABOUT WORLD | ||
| 942 | _cBK | ||
| 999 |
_c1656 _d1656 |
||